000 00712nam a2200265Ia 4500
003 OSt
005 20220918163805.0
006 a|||||r|||| 00| 0
007 ta
008 220917b |||||||| |||| 00| 0 eng d
020 _a0300023677
024 _a32,962
037 _cTextual
040 _aARTS
_cARTS
_beng
041 _2eng
_aeng
082 _aO41,1:gC, 111M1
100 _aOwen Stephen
_915403
245 0 _aGreat age of Chinese poetry
_b the high Tang
260 _aNew Haven
_bYale Univ Press
_c1981
300 _axv,440p.
_ccm.
500 _aBib 427-34p
650 _aENGLISH LITERATURE
942 _hO41,1:gC, 111M1
_cTEXL
_2CC
999 _c121562
_d121562